[Event "Arco op 37th"]
[Site "Arco"]
[Date "2015.10.14"]
[Round "5"]
[White "Karl, Hans"]
[Black "Reyna Hernandez, Sandor"]
[Result "1/2-1/2"]
[WhiteElo "2087"]
[BlackElo "1933"]
[PlyCount "56"]
[EventDate "2015.10.10"]
[EventType "swiss"]
[EventRounds "9"]
[EventCountry "ITA"]
[SourceTitle "CBM 168 Extra"]
[Source "ChessBase"]
[SourceDate "2015.10.29"]
[SourceVersion "1"]
[SourceVersionDate "2015.10.29"]
[SourceQuality "1"]

1. e4 e6 2. Qe2 e5 3. Nf3 Nc6 4. c3 Bc5 5. Nxe5 Nxe5 6. d4 Bd6 7. dxe5 Bxe5 8. f4 Bf6 9. e5 Bh4+ 10. g3 Be7 11. Be3 d5 12. Bg2 Nh6 13. Nd2 c6 14. Nb3 Bg4 15. Qd2 f6 16. 0-0 0-0 17. Nd4 Qc8 18. Nf3 Bh3 19. exf6 Bxf6 20. Bd4 Bxg2 21. Kxg2 Bxd4 22. Qxd4 Nf5 23. Qd3 Nd6 24. Rfe1 Qf5 25. Qxf5 Nxf5 26. Re6 Rad8 27. Rae1 Nd6 28. Re7 Rfe8 1/2-1/2

[Event "Arco op 37th"]
[Site "Arco"]
[Date "2015.10.13"]
[Round "4"]
[White "Buck, Klaus Michael"]
[Black "Reyna Hernandez, Sandor"]
[Result "0-1"]
[WhiteElo "1728"]
[BlackElo "1933"]
[PlyCount "62"]
[EventDate "2015.10.10"]
[EventType "swiss"]
[EventRounds "9"]
[EventCountry "ITA"]
[SourceTitle "CBM 168 Extra"]
[Source "ChessBase"]
[SourceDate "2015.10.29"]
[SourceVersion "1"]
[SourceVersionDate "2015.10.29"]
[SourceQuality "1"]

1. Nf3 Nf6 2. d4 d5 3. e3 Bg4 4. Be2 e6 5. 0-0 c5 6. b3 Nc6 7. Ba3 Qa5 8. Qd2 Qxd2 9. Nbxd2 cxd4 10. Bxf8 Kxf8 11. exd4 Ke7 12. Bd3 Nb4 13. Ne5 Nxd3 14. Nxg4 Nxg4 15. cxd3 Rhc8 16. Rac1 Kd7 17. h3 Nh6 18. Nf3 f6 19. Rfd1 Nf5 20. g4 Ne7 21. g5 Nc6 22. a3 Rc7 23. b4 Rac8 24. b5 Ne7 25. Rxc7+ Rxc7 26. gxf6 gxf6 27. a4 Rc3 28. a5 Rb3 29. a6 Rxb5 30. Ra1 b6 31. Nd2 Nc6 0-1

[Event "Arco op 36th"]
[Site "Arco"]
[Date "2014.10.11"]
[Round "8"]
[White "Reyna Hernandez, Sandor"]
[Black "Rocchetti, Marco"]
[Result "1-0"]
[WhiteElo "1941"]
[BlackElo "1854"]
[PlyCount "79"]
[EventDate "2014.10.04"]
[EventType "swiss"]
[EventRounds "9"]
[EventCountry "ITA"]
[SourceTitle "EXT 2016"]
[Source "ChessBase"]
[SourceDate "2015.10.08"]
[SourceVersion "1"]
[SourceVersionDate "2015.10.08"]
[SourceQuality "1"]

1. d4 Nf6 2. c4 d6 3. Nf3 Nbd7 4. Bf4 c6 5. Nc3 Qc7 6. h3 e5 7. dxe5 dxe5 8. Bh2 Bd6 9. e3 0-0 10. Qc2 a5 11. a3 Nc5 12. Nd2 Be6 13. Be2 Rfd8 14. g4 a4 15. g5 Nfd7 16. Bg4 Nf8 17. Nce4 Nxe4 18. Nxe4 Qa5+ 19. Ke2 Be7 20. Rac1 b5 21. Bxe6 Nxe6 22. h4 b4 23. axb4 Qxb4 24. Bxe5 Nc5 25. Nxc5 Qxc5 26. Qc3 Bf8 27. Rhd1 Re8 28. Bg3 Qf5 29. Rd4 a3 30. bxa3 Rxa3 31. Qc2 Qa5 32. Kf1 Bc5 33. Re4 Rd8 34. Qe2 Ra2 35. Bc7 Qd2 36. Qxd2 Rdxd2 37. Re8+ Bf8 38. Bg3 g6 39. Rb1 f6 40. Rbb8 1-0

[Event "Arco op 36th"]
[Site "Arco"]
[Date "2014.10.07"]
[Round "4"]
[White "Reyna Hernandez, Sandor"]
[Black "Bondielli, Giorgio"]
[Result "1-0"]
[WhiteElo "1941"]
[BlackElo "1822"]
[PlyCount "91"]
[EventDate "2014.10.04"]
[EventType "swiss"]
[EventRounds "9"]
[EventCountry "ITA"]
[SourceTitle "EXT 2016"]
[Source "ChessBase"]
[SourceDate "2015.10.08"]
[SourceVersion "1"]
[SourceVersionDate "2015.10.08"]
[SourceQuality "1"]

1. d4 f5 2. Bg5 Nf6 3. Bxf6 exf6 4. c4 Bb4+ 5. Nc3 0-0 6. Nf3 Nc6 7. Qb3 Bxc3+ 8. bxc3 Kh8 9. e3 b6 10. Bd3 d6 11. h4 Ne7 12. h5 Bb7 13. Qc2 Qd7 14. Rh4 Be4 15. Bxe4 fxe4 16. Qxe4 d5 17. cxd5 Nxd5 18. c4 Nb4 19. a4 Rae8 20. Qb1 a5 21. Kf1 Qe6 22. d5 Qd6 23. Qb3 c6 24. Rd1 cxd5 25. cxd5 Rc8 26. Rc4 Rc5 27. Rxc5 bxc5 28. e4 Re8 29. Qc4 Rb8 30. Rb1 Kg8 31. g3 Kf8 32. Nh4 Qa6 33. Qxa6 Nxa6 34. Rxb8+ Nxb8 35. Nf5 c4 36. Ke2 Nd7 37. Ne3 Nb6 38. f4 Nxa4 39. Nxc4 Nc5 40. Ke3 a4 41. g4 Ke7 42. e5 fxe5 43. fxe5 Nd7 44. Kd4 g6 45. hxg6 hxg6 46. g5 1-0

[Event "Arco op 36th"]
[Site "Arco"]
[Date "2014.10.06"]
[Round "3"]
[White "Moro, Roberto"]
[Black "Reyna Hernandez, Sandor"]
[Result "0-1"]
[WhiteElo "1748"]
[BlackElo "1941"]
[PlyCount "40"]
[EventDate "2014.10.04"]
[EventType "swiss"]
[EventRounds "9"]
[EventCountry "ITA"]
[SourceTitle "EXT 2016"]
[Source "ChessBase"]
[SourceDate "2015.10.08"]
[SourceVersion "1"]
[SourceVersionDate "2015.10.08"]
[SourceQuality "1"]

1. e4 e6 2. d4 d5 3. exd5 exd5 4. Nf3 Bg4 5. h3 Bh5 6. Nc3 Nc6 7. Bb5 Nge7 8. 0-0 a6 9. Bxc6+ Nxc6 10. Re1+ Be7 11. Be3 f6 12. g4 Bf7 13. Qd2 g5 14. a3 h5 15. Kg2 Qd7 16. Nh2 hxg4 17. Nxg4 0-0-0 18. b4 f5 19. Ne5 Nxe5 20. dxe5 f4 0-1